| 000 | 00459pab a2200169 454500 | ||
|---|---|---|---|
| 008 | 180718b2012 xxu||||| |||| 00| 0 eng d | ||
| 100 | _aOduwaye, Leke | ||
| 245 | _aAssessment of waste management and urban governance in Lagos Metropolis | ||
| 260 | _c2012 | ||
| 300 | _ap.40-52. | ||
| 650 | _aUrban development | ||
| 650 | _aWaste treatment | ||
| 700 | _aVictor, Ilechukwu | ||
| 773 | _aRegional Development Studies | ||
| 908 | _aN | ||
| 909 | _a104606 | ||
| 999 |
_c104602 _d104602 |
||